000 01154nam a22002777a 4500
005 20180213103446.0
008 131126b xxu||||| |||| 00| 0 eng d
010 _aPUN-7769 B-578053-056 B-669996
020 _c135.00
_a9789350680773
035 _aPN-6887 B-578053-056
035 _aB-669996
037 _bDBAD / PUB
037 _bUnistar Books
037 _bBPPD/VEN /Reserchkoo Books
040 _adpl
_bpn
082 _a850
100 _aਅਮਰੀਕ ਹਮਰਾਜ਼
245 _aਸੋਹਣੀ ਦੀ ਨਨਾਣ ਹੀਰ ਦਾ ਚਾਚਾ /
_cਅਮਰੀਕ ਹਮਰਾਜ਼
246 _aSohni di nanan heer da chacha
_bby Amrik Hamraz
260 _aChandigarh
_bUnistar Books
_c2012
270 _bChandigarh
_asco-26-27, sector-34 A
_k0172-5077427- 9815471219
_e160022
300 4 _a104p.
_c22ਸੇਂਮੀ (ਸਜਿਲੱਦ)
942 _2ddc
_cPN
_h850
_mਅਮਰੀ
999 _c81354
_d81354